Современные методы исследования структуры и физико-механических свойств металлических материалов. Лабораторный практикум: учебно-методическое пособие

Библиографические подробности
Автор-организация: Национальный исследовательский Томский политехнический университет (570)
Другие авторы: Кудияров В. Н. Виктор Николаевич, Кашкаров Е. Б. Егор Борисович, Степанова Е. Н. Екатерина Николаевна, Пушилина Н. С. Наталья Сергеевна, Мурашкина Т. Л. Татьяна Леонидовна, Сыртанов М. С. Максим Сергеевич, Лаптев Р. С. Роман Сергеевич
Примечания:Заглавие с титульного экрана
Пособие посвящено описанию современных методов исследования структуры и физико-механических свойств металлических материалов. Рассмотрены способы подготовки поверхности образцов для измерения шероховатости, микротвёрдости, исследований элементного состава и испытаний на растяжение. Представлены физические основы технологий нанесения покрытий на изделия и конструкции для улучшения их эксплуатационных и механических характеристик. Предназначено для студентов, обучающихся по направлениям «Физика», «Машиностроение», «Материаловедение и технологии материалов»
AM_TPU_network
Язык:русский
Опубликовано: Томск, Изд-во ТПУ, 2025
Предметы:
Online-ссылка:https://www.lib.tpu.ru/fulltext2/m/2025/m25.pdf
Формат: MixedMaterials Электронный ресурс Книга
Запись в KOHA:https://koha.lib.tpu.ru/cgi-bin/koha/opac-detail.pl?biblionumber=681165

MARC

LEADER 00000nam0a2200000 4500
001 681165
005 20251028071620.0
010 |a 978-5-4387-1249-7 
090 |a 681165 
100 |a 20250806d2025 m||y0rusy50 ca 
101 0 |a rus 
102 |a RU 
105 |a a j 001yy 
135 |a drcn ---uucaa 
181 0 |a i   |b  e  
182 0 |a b 
183 0 |a cr  |2 RDAcarrier 
200 1 |a Современные методы исследования структуры и физико-механических свойств металлических материалов. Лабораторный практикум  |e учебно-методическое пособие   |f В. Н. Кудияров, Е. Б. Кашкаров, Е. Н. Степанова [и др.]  |g Национальный исследовательский Томский политехнический университет 
203 |a Текст  |c электронный  |b визуальный 
210 |a Томск  |c Изд-во ТПУ  |d 2025 
215 |a 1 файл (5,66 МБ, 100 с.) 
283 |a online_resource  |2 RDAcarrier 
300 |a Заглавие с титульного экрана 
320 |a Список литературы: 73 назв 
330 |a Пособие посвящено описанию современных методов исследования структуры и физико-механических свойств металлических материалов. Рассмотрены способы подготовки поверхности образцов для измерения шероховатости, микротвёрдости, исследований элементного состава и испытаний на растяжение. Представлены физические основы технологий нанесения покрытий на изделия и конструкции для улучшения их эксплуатационных и механических характеристик. Предназначено для студентов, обучающихся по направлениям «Физика», «Машиностроение», «Материаловедение и технологии материалов» 
371 0 |a AM_TPU_network 
606 |a Материаловедение  |x Металловедение  |9 85245 
610 1 |a металлографические исследования 
610 1 |a шероховатость 
610 1 |a профилометры 
610 1 |a тонкие пленки 
610 1 |a магнетронное распыление 
610 1 |a элементный состав 
610 1 |a оптические спектрометры 
610 1 |a микротвердость 
610 1 |a метод Виккерса 
610 1 |a одноосное растяжение 
610 1 |a металлические материалы 
610 1 |a электронный ресурс 
610 1 |a учебно-методические пособия 
610 1 |a труды учёных ТПУ 
675 |a 669.017(076.5)  |v 4 
701 1 |a Кудияров  |b В. Н.  |c физик  |c доцент Томского политехнического университета, кандидат технических наук  |f 1990-  |g Виктор Николаевич  |9 14893 
701 1 |a Кашкаров  |b Е. Б.  |c физик  |c доцент, научный сотрудник Томского политехнического университета, кандидат физико-математических наук  |f 1991-  |g Егор Борисович  |9 14999 
701 1 |a Степанова  |b Е. Н.  |c физик  |c доцент Томского политехнического университета, кандидат технических наук  |f 1981-  |g Екатерина Николаевна  |9 12050 
701 1 |a Пушилина  |b Н. С.  |c физик  |c доцент Томского политехнического университета, кандидат физико-математических наук  |f 1984-  |g Наталья Сергеевна  |9 12887 
701 1 |a Мурашкина  |b Т. Л.  |c физик  |c инженер Томского политехнического университета, ассистент  |f 1990-  |g Татьяна Леонидовна  |9 20914 
701 1 |a Сыртанов  |b М. С.  |c физик  |c доцент, научный сотрудник Томского политехнического университета, кандидат технических наук  |f 1990-  |g Максим Сергеевич  |9 18112 
701 1 |a Лаптев  |b Р. С.  |c физик, специалист в области неразрушающего контроля  |c доцент Томского политехнического университета, доктор технических наук  |f 1987-  |g Роман Сергеевич  |y Томск  |9 14396 
712 0 2 |a Национальный исследовательский Томский политехнический университет  |c (2009- )  |9 26305  |4 570 
801 0 |a RU  |b 63413507  |c 20250806  |g RCR 
850 |a 63413507 
856 4 |u https://www.lib.tpu.ru/fulltext2/m/2025/m25.pdf  |z https://www.lib.tpu.ru/fulltext2/m/2025/m25.pdf 
942 |c CF